Language Quiz

Random Language or Sporcle Quiz

SPORCLE Word Chain Quiz Stats

 Plays Quiz Updated Jul 13, 2018

Also try: Chain Link Phrases
Challenge
Share
Tweet
Embed
Score 0/20 Timer 06:00
6 Plays Today
Clue Word % Correct
The website you're on nowSPORCLE
99.6%
Montpelier is this state's capitalVERMONT
86.4%
Butcher's chopping toolCLEAVER
85.9%
Home to Ottawa and TorontoONTARIO
82.7%
Engaging in public violenceRIOTING
72.6%
Two-wheeled vehicleBICYCLE
65.2%
American poet MayaANGELOU
54.9%
'___ Sally': Wilson Pickett songMUSTANG
45.7%
Narrow strip of land like PanamaISTHMUS
42.9%
A flat roof or open patioTERRACE
39.4%
Clue Word % Correct
A person very aware of new, cool trendsHIPSTER
37.8%
Sharp or biting in temperACERBIC
34.1%
A British term for a pharmacistCHEMIST
32.7%
HopelessnessDESPAIR
31.3%
Home to St. BernadetteLOURDES
28%
Swedish heavyweight champ Johansson INGEMAR
27.2%
Another term for a dirigibleAIRSHIP
25.8%
Musical instruments made from gourdsMARACAS
25.3%
A member of a diplomatic staffATTACHE
22.3%
Impressionist artist MaryCASSATT
21.2%

You're not logged in!

Compare scores with friends on all Sporcle quizzes.
OR
Log In

You Might Also Like...

Show Comments

Extras

Top Quizzes Today


Score Distribution

Your Account Isn't Verified!

In order to create a playlist on Sporcle, you need to verify the email address you used during registration. Go to your Sporcle Settings to finish the process.

Report this User

Report this user for behavior that violates our Community Guidelines.

Details: